000 00777nam a2200205Ia 4500
999 _c39512
_d39512
001 6108
003 GE_BSU
005 20190919120155.0
008 181216s1962||||ge |||||||||||||| ||geo||
040 _cGE_BSU
041 _ageo
080 _a821.353.1-1 ა-87
100 _aასათიანი, ლადო
_94107
245 _aკრწანისის ყაყაჩოები /
_cლადო ასათიანი ; რედ. რ. ორჯონიკიძე.
264 _aთბილისი :
_bნაკადული ;
_c1962.
300 _a126 გვ. ;
_c17 სმ.
653 _aკრწანისის ყაყაჩოები
700 _aორჯონიკიძე. რ.
_eრედაქტორი
_94117
942 _cBK
_2udc